[Event "Chess Olympiad 2012"]
[Site "?"]
[Date "????.??.??"]
[Round "11"]
[White "Vachier-Lagrave, Maxime"]
[Black "Solomon, Kenneth"]
[Result "1-0"]
[WhiteElo "2686"]
[BlackElo "2414"]
[PlyCount "73"]

1. e4 e5 2. Nf3 Nc6 3. Bb5 a6 4. Ba4 Nf6 5. O-O Be7 6. Re1 b5 7. Bb3 d6 8. c3
O-O 9. h3 Nb8 10. d3 Nbd7 11. Nbd2 Bb7 12. Nf1 Nc5 13. Bc2 Re8 14. Ng3 Bf8 15.
Nh2 d5 16. Ng4 Nxg4 17. Qxg4 dxe4 18. dxe4 Qf6 19. Nf5 Qg6 20. Qh4 Qc6 21. Bg5
f6 22. Be3 Bc8 23. Bxc5 Bxc5 24. Bb3+ Be6 25. Red1 Bxb3 26. axb3 Qe6 27. Qg4
Bf8 28. Rd7 g6 29. Rad1 Kh8 30. Ne3 Bd6 31. Qxe6 Rxe6 32. Nd5 Ra7 33. Rd3 f5
34. exf5 gxf5 35. Rg3 Rg6 36. Rxg6 hxg6 37. Nf6 1-0

[Event "Chess Olympiad 2012"]
[Site "?"]
[Date "????.??.??"]
[Round "11"]
[White "Kobese, Watu"]
[Black "Fressinet, Laurent"]
[Result "1/2-1/2"]
[WhiteElo "2363"]
[BlackElo "2714"]
[PlyCount "157"]

1. e4 e5 2. Nf3 Nc6 3. Bc4 Nf6 4. Ng5 d5 5. exd5 Na5 6. Bb5+ c6 7. dxc6 bxc6 8.
Bd3 Nd5 9. h4 Nf4 10. Bf1 h6 11. Nf3 Bd6 12. d4 exd4 13. Qxd4 Ne6 14. Qc3 O-O
15. Bd2 Bc7 16. Na3 Qd5 17. Nc4 Nc5 18. Ne3 Qd6 19. Qd4 Qxd4 20. Nxd4 Ne4 21.
Bc1 Re8 22. Be2 Be5 23. Nb3 Nb7 24. O-O Nbd6 25. Na5 c5 26. Nac4 Nxc4 27. Bxc4
Bb7 28. Bd5 Bxd5 29. Nxd5 Rad8 30. Ne3 Bf6 31. g3 h5 32. a4 Rb8 33. c3 Nd6 34.
Rd1 Be7 35. Rd5 Nb7 36. Nc4 Rbd8 37. Rxd8 Bxd8 38. Be3 Re4 39. Nd2 Re6 40. Nc4
Bf6 41. a5 a6 42. Rd1 Re7 43. Rd5 Rc7 44. Kf1 g6 45. Bf4 Re7 46. Be3 Rc7 47.
Bf4 Re7 48. Nd6 Kg7 49. Be3 Nxa5 50. Rxc5 Nb3 51. Rc8 Be5 52. Nc4 Bc7 53. Nd2
Nc1 54. Bc5 Rd7 55. Bd4+ f6 56. Ne4 Be5 57. Bxe5 fxe5 58. Rc6 a5 59. Rc5 a4 60.
Ra5 Rd1+ 61. Kg2 Nd3 62. Rxa4 Nxb2 63. Ra7+ Kf8 64. Kf3 Rc1 65. Rc7 Rc2 66. Rd7
Nc4 67. g4 hxg4+ 68. Kxg4 Re2 69. Kf3 Rc2 70. Rc7 Nb2 71. Rd7 Nc4 72. Rd5 Ra2
73. Rc5 Ra4 74. Rc6 Kg7 75. Rc7+ Kf8 76. Rc5 Kg7 77. Kg3 Kh6 78. Ng5 Nd6 79.
Rxe5 1/2-1/2

[Event "Chess Olympiad 2012"]
[Site "?"]
[Date "????.??.??"]
[Round "11"]
[White "Cori, Jorge Moises"]
[Black "Shirov, Alexei"]
[Result "1/2-1/2"]
[WhiteElo "2487"]
[BlackElo "2706"]
[PlyCount "87"]

1. d4 d5 2. c4 c6 3. Nc3 Nf6 4. e3 e6 5. Nf3 Nbd7 6. Qc2 Bd6 7. Bd3 O-O 8. O-O
dxc4 9. Bxc4 b5 10. Bd3 Bb7 11. e4 e5 12. dxe5 Nxe5 13. Nxe5 Bxe5 14. h3 a6 15.
Be3 c5 16. Bxc5 Re8 17. Rad1 Qc7 18. Nd5 Nxd5 19. exd5 g6 20. Be4 a5 21. Rfe1
Rac8 22. d6 Bxe4 23. dxc7 Bxc2 24. Rd8 Rexd8 25. cxd8=Q+ Rxd8 26. Rxe5 Bd3 27.
Bb6 Ra8 28. a3 f6 29. Rd5 Bc4 30. Rd6 f5 31. Rd7 b4 32. Bd4 Bf7 33. Kh2 Re8 34.
Ra7 Re4 35. Bf6 bxa3 36. bxa3 a4 37. f3 Rc4 38. Be5 Kf8 39. Kg3 g5 40. Bd6+ Kg7
41. Bb4 Rc2 42. Rxa4 Bd5 43. Ra7+ Kg6 44. Rd7 1/2-1/2

[Event "Black Sea Countries"]
[Site "Burgas BUL"]
[Date "2012.09.12"]
[Round "1"]
[White "Nisipeanu, LD."]
[Black "Areshchenko, A."]
[Result "1/2-1/2"]
[WhiteElo "2648"]
[BlackElo "2702"]
[PlyCount "80"]
[EventDate "2012.09.12"]

1. Nf3 Nf6 2. c4 g6 3. Nc3 d5 4. cxd5 Nxd5 5. h4 Bg7 6. h5 Nc6 7. h6 Bf6 8. Ne4
O-O 9. Nxf6+ exf6 10. e3 Ndb4 11. d3 Bf5 12. e4 Bg4 13. a3 Na6 14. Be3 Bxf3 15.
Qxf3 Nd4 16. Qd1 c5 17. g3 Qa5+ 18. b4 Qb6 19. Bg2 cxb4 20. O-O Rfd8 21. Rb1 b3
22. Bxd4 Qxd4 23. Qxb3 Nc5 24. Qc2 Rac8 25. Rfc1 b6 26. Bh3 Rc6 27. Qe2 Rcd6
28. Bf1 Qe5 29. Qe3 Kf8 30. Rc4 Nxd3 31. Rc7 Nc5 32. Rxa7 Rd1 33. Rxd1 Rxd1 34.
Qe2 Rd7 35. Rxd7 Nxd7 36. Qa6 Qxe4 37. Bb5 Qe1+ 38. Kg2 Qe4+ 39. Kg1 Qe1+ 40.
Kg2 Qe4+ 1/2-1/2

[Event "Black Sea Countries"]
[Site "Burgas BUL"]
[Date "2012.09.12"]
[Round "1"]
[White "Jobava, Ba"]
[Black "Malakhov, V."]
[Result "0-1"]
[WhiteElo "2734"]
[BlackElo "2700"]
[PlyCount "56"]
[EventDate "2012.09.12"]

1. e4 e5 2. Nf3 Nc6 3. Bc4 Bc5 4. c3 Nf6 5. d4 exd4 6. e5 d5 7. Be2 Ne4 8. cxd4
Bb6 9. Nc3 O-O 10. O-O Bf5 11. Na4 f6 12. a3 fxe5 13. Nxb6 axb6 14. Nxe5 Nxe5
15. dxe5 Nc5 16. Be3 Ne6 17. g4 Bg6 18. f4 Be4 19. Qb3 Qh4 20. Rf2 Qh3 21. Bd1
Rxf4 22. Bxf4 Nxf4 23. Bf3 Ne2+ 24. Rxe2 Bxf3 25. Rf2 Qxg4+ 26. Kf1 Rf8 27. Re1
Qh3+ 28. Kg1 Rf4 0-1

[Event "Black Sea Countries"]
[Site "Burgas BUL"]
[Date "2012.09.12"]
[Round "1"]
[White "Atalik, S."]
[Black "Cheparinov, I."]
[Result "1/2-1/2"]
[WhiteElo "2603"]
[BlackElo "2689"]
[PlyCount "81"]
[EventDate "2012.09.12"]

1. d4 Nf6 2. c4 g6 3. Nc3 d5 4. Nf3 Bg7 5. Qb3 dxc4 6. Qxc4 O-O 7. e4 Na6 8.
Qb3 c5 9. d5 e6 10. Bxa6 bxa6 11. O-O exd5 12. exd5 Qb6 13. Be3 Bb7 14. Rfd1
Rfd8 15. Rd2 Nxd5 16. Nxd5 Rxd5 17. Rxd5 Qxb3 18. axb3 Bxd5 19. Rxa6 Bb7 20.
Ra5 Bxb2 21. Rxc5 a5 22. h4 Bxf3 23. gxf3 a4 24. bxa4 Rxa4 25. h5 gxh5 26. Rxh5
Ra6 27. f4 Kg7 28. f5 Rc6 29. Kg2 Rc4 30. Kf3 Bc1 31. Rh1 Bxe3 32. fxe3 Kf6 33.
Rxh7 Kxf5 34. Rxf7+ Ke6 35. Rf4 Rxf4+ 36. Kxf4 Kf6 37. Ke4 Ke6 38. Kd4 Kd6 39.
e4 Ke6 40. e5 Ke7 41. Kd5 1/2-1/2

[Event "Black Sea Countries"]
[Site "Burgas BUL"]
[Date "2012.09.13"]
[Round "2"]
[White "Malakhov, V."]
[Black "Atalik, S."]
[Result "1/2-1/2"]
[WhiteElo "2700"]
[BlackElo "2603"]
[PlyCount "121"]
[EventDate "2012.09.12"]

1. e4 c5 2. Nf3 d6 3. d4 cxd4 4. Nxd4 Nf6 5. Nc3 e6 6. g4 e5 7. Bb5+ Bd7 8.
Bxd7+ Qxd7 9. Nf5 h5 10. gxh5 Nxh5 11. Qf3 g6 12. Ng3 Nc6 13. Be3 f5 14. Nd5
Ne7 15. Nxe7 Bxe7 16. exf5 Nxg3 17. hxg3 Rxh1+ 18. Qxh1 gxf5 19. O-O-O Bf8 20.
Rd3 Rc8 21. Qh5+ Qf7 22. Qxf7+ Kxf7 23. Bxa7 Ke6 24. Rb3 Rc7 25. Be3 d5 26.
Rb6+ Kf7 27. Bg5 Bg7 28. Kd2 e4 29. c3 d4 30. cxd4 Bxd4 31. Rb5 Rd7 32. Ke2 Kg6
33. Bf4 Kf6 34. a4 Ke6 35. Be3 Bxe3 36. Kxe3 Rd3+ 37. Ke2 Rd7 38. a5 Kf6 39. g4
fxg4 40. Ke3 Re7 41. Kf4 g3 42. Rf5+ Ke6 43. fxg3 Kd6 44. Rh5 e3 45. Rh1 Kd5
46. Kf3 Kc4 47. Ke2 Kb3 48. Rd1 Kxb2 49. Rd3 Re5 50. Rd7 Rg5 51. Rxb7+ Kc3 52.
Kf3 Re5 53. Rc7+ Kd2 54. Rd7+ Ke1 55. a6 e2 56. Kg2 Rf5 57. a7 Rf2+ 58. Kh3 Rf8
59. Rf7 Rh8+ 60. Kg2 Kd2 61. Rd7+ 1/2-1/2

[Event "Black Sea Countries"]
[Site "Burgas BUL"]
[Date "2012.09.14"]
[Round "3"]
[White "Jobava, Ba"]
[Black "Areshchenko, A."]
[Result "1/2-1/2"]
[WhiteElo "2734"]
[BlackElo "2702"]
[PlyCount "75"]
[EventDate "2012.09.12"]

1. d4 Nf6 2. c4 g6 3. Nc3 d5 4. Nf3 Bg7 5. Bf4 O-O 6. e3 c5 7. dxc5 Qa5 8. Rc1
dxc4 9. Bxc4 Qxc5 10. Bb3 Nc6 11. O-O Qa5 12. h3 Bf5 13. Qe2 Ne4 14. Nd5 e5 15.
Bg5 Nxg5 16. Nxg5 Qd8 17. h4 h6 18. g4 Bd7 19. Ne4 Qxh4 20. f3 Kh8 21. Rf2 f5
22. Rh2 Qd8 23. Rxh6+ Bxh6 24. Qh2 Kg7 25. Rxc6 fxe4 26. Qxe5+ Kh7 27. Nf6+
Rxf6 28. Rxf6 Be8 29. g5 Qd2 30. gxh6 Qxe3+ 31. Kf1 Kxh6 32. Qh2+ Kg7 33. Rxg6+
Kxg6 34. Qd6+ Kh7 35. Qe7+ Kg6 36. Qd6+ Kh7 37. Qe7+ Kg6 38. Qd6+ 1/2-1/2

[Event "Black Sea Countries"]
[Site "Burgas BUL"]
[Date "2012.09.14"]
[Round "3"]
[White "Atalik, S."]
[Black "Nisipeanu, LD."]
[Result "0-1"]
[WhiteElo "2603"]
[BlackElo "2648"]
[PlyCount "54"]
[EventDate "2012.09.12"]

1. d4 Nf6 2. c4 e6 3. g3 c5 4. Nf3 cxd4 5. Nxd4 a6 6. Bg2 Qc7 7. O-O Qxc4 8.
Nc3 Nc6 9. Nxc6 bxc6 10. e4 e5 11. Be3 Be7 12. f4 d6 13. f5 Rb8 14. Rc1 Rxb2
15. Rf2 Rxf2 16. Bxf2 Qb4 17. g4 h5 18. gxh5 Nxh5 19. Nd5 cxd5 20. Rxc8+ Bd8
21. Qxd5 Nf4 22. Rxd8+ Kxd8 23. Qa8+ Kc7 24. Qxh8 Qb1+ 25. Bf1 Ne2+ 26. Kg2
Qxe4+ 27. Kh3 Qxf5+ 0-1

[Event "Black Sea Countries"]
[Site "Burgas BUL"]
[Date "2012.09.14"]
[Round "3"]
[White "Cheparinov, I."]
[Black "Malakhov, V."]
[Result "1-0"]
[WhiteElo "2689"]
[BlackElo "2700"]
[PlyCount "87"]
[EventDate "2012.09.12"]

1. d4 d5 2. c4 c6 3. Nf3 Nf6 4. e3 Bf5 5. Nc3 e6 6. Nh4 Be4 7. f3 Bg6 8. Qb3
Qc7 9. g3 Be7 10. cxd5 cxd5 11. e4 Nc6 12. Bf4 Qd7 13. Nxg6 hxg6 14. O-O-O Rd8
15. Be3 Qc7 16. Kb1 a6 17. Bf4 Qd7 18. h4 O-O 19. Bh3 b5 20. h5 gxh5 21. e5 Nh7
22. Qc2 f5 23. exf6 Rxf6 24. Be5 Rh6 25. f4 Qe8 26. g4 Nb4 27. Qe2 hxg4 28.
Qxg4 Bf8 29. f5 exf5 30. Qxf5 Nc6 31. Bg4 Ne7 32. Qd3 Qc6 33. Ne2 Rxh1 34. Rxh1
Nf6 35. Bh3 Nh5 36. Bg4 Nf6 37. Bh3 Nh5 38. Bg2 g6 39. Bh3 Bg7 40. Rc1 Qe8 41.
Be6+ Kh8 42. Qe3 Ng8 43. Nf4 Nxf4 44. Qxf4 1-0

[Event "Black Sea Countries"]
[Site "Burgas BUL"]
[Date "2012.09.14"]
[Round "4"]
[White "Atalik, S."]
[Black "Areshchenko, A."]
[Result "0-1"]
[WhiteElo "2603"]
[BlackElo "2702"]
[PlyCount "166"]
[EventDate "2012.09.12"]

1. d4 Nf6 2. c4 g6 3. Nc3 d5 4. cxd5 Nxd5 5. e4 Nxc3 6. bxc3 Bg7 7. Bc4 c5 8.
Ne2 Nc6 9. Be3 O-O 10. O-O Bg4 11. f3 Bd7 12. Rb1 Qc7 13. Bd3 Rfd8 14. Qc1 cxd4
15. cxd4 Qd6 16. d5 Ne5 17. Qd2 e6 18. Nf4 Nxd3 19. Nxd3 exd5 20. e5 Qc7 21.
Bg5 Re8 22. Rfc1 Bc6 23. f4 Rac8 24. h3 b6 25. a4 Qd7 26. a5 Bb5 27. axb6 Rxc1+
28. Rxc1 Bxd3 29. Qxd3 axb6 30. Rd1 h6 31. Bh4 g5 32. Bg3 gxf4 33. Bxf4 Qa4 34.
Rf1 Qc4 35. Qd2 Re6 36. Rc1 Qe4 37. Re1 Qa4 38. Bg3 Qa5 39. Qf4 Qc5+ 40. Kh2
Qc4 41. Qd2 Qc6 42. Rc1 Qd7 43. Qd4 h5 44. Rd1 Qe7 45. Re1 Qd8 46. Rd1 Qg5 47.
h4 Qxg3+ 48. Kxg3 Bxe5+ 49. Qxe5 Rxe5 50. Kf4 f6 51. Rb1 Re6 52. Kf5 Kf7 53.
Rc1 Rd6 54. Rc7+ Kf8 55. g4 hxg4 56. h5 d4 57. h6 Kg8 58. Kg6 f5+ 59. Kg5 g3
60. Rc8+ Kh7 61. Rc7+ Kg8 62. Rc8+ Kf7 63. h7 g2 64. Rf8+ Ke6 65. Re8+ Kd5 66.
Re1 Rd8 67. Rg1 Rh8 68. Kg6 f4 69. Rxg2 f3 70. Rf2 Ke4 71. Rb2 d3 72. Kg7 Rd8
73. h8=Q Rxh8 74. Kxh8 Ke3 75. Rxb6 d2 76. Re6+ Kf4 77. Rd6 f2 78. Rxd2 f1=Q
79. Rd6 Qh3+ 80. Kg7 Ke5 81. Rg6 Qd7+ 82. Kh6 Qe7 83. Rg4 Kd5 0-1

[Event "Black Sea Countries"]
[Site "Burgas BUL"]
[Date "2012.09.14"]
[Round "4"]
[White "Cheparinov, I."]
[Black "Jobava, Ba"]
[Result "1-0"]
[WhiteElo "2689"]
[BlackElo "2734"]
[PlyCount "79"]
[EventDate "2012.09.12"]

1. d4 Nf6 2. c4 g6 3. Nc3 Bg7 4. e4 O-O 5. Nf3 c5 6. d5 e6 7. Bd3 exd5 8. cxd5
d6 9. h3 Re8 10. O-O Nbd7 11. Re1 Ne5 12. Nxe5 Rxe5 13. Bf4 Re8 14. Qd2 a6 15.
a4 Qc7 16. Rac1 Nd7 17. Bf1 Ne5 18. b4 b6 19. Bh6 Bxh6 20. Qxh6 f6 21. bxc5
bxc5 22. f4 Nf7 23. Qh4 Kg7 24. Rb1 Rb8 25. Rxb8 Qxb8 26. Rb1 Qc7 27. Qf2 Qa5
28. Qc2 g5 29. g3 gxf4 30. gxf4 Nh8 31. Ne2 Ng6 32. Ng3 Kf7 33. Nh5 Rg8 34. Kh1
Qd8 35. Rb8 Qe7 36. e5 dxe5 37. Qb3 Qd6 38. Rb6 c4 39. Bxc4 Qc5 40. Rc6 1-0

[Event "Black Sea Countries"]
[Site "Burgas BUL"]
[Date "2012.09.14"]
[Round "4"]
[White "Malakhov, V."]
[Black "Nisipeanu, LD."]
[Result "1-0"]
[WhiteElo "2700"]
[BlackElo "2648"]
[PlyCount "43"]
[EventDate "2012.09.12"]

1. c4 c5 2. Nf3 Nf6 3. Nc3 e6 4. e4 Nc6 5. Be2 Qb6 6. O-O d6 7. a3 Be7 8. d3
O-O 9. b4 a6 10. Rb1 Qc7 11. Bf4 b6 12. Qd2 Bb7 13. Rb2 Rab8 14. Rfb1 Nd7 15.
b5 Nd4 16. bxa6 Nxf3+ 17. Bxf3 Bxa6 18. Rb3 Bf6 19. Na4 Qc6 20. e5 Qxa4 21.
exf6 e5 22. Bh6 1-0

[Event "Black Sea Countries"]
[Site "Burgas BUL"]
[Date "2012.09.15"]
[Round "5"]
[White "Areshchenko, A."]
[Black "Malakhov, V."]
[Result "1/2-1/2"]
[WhiteElo "2702"]
[BlackElo "2700"]
[PlyCount "74"]
[EventDate "2012.09.12"]

1. e4 e5 2. Nf3 Nc6 3. Bb5 Nf6 4. d3 Bc5 5. c3 O-O 6. O-O d6 7. Nbd2 Bb6 8. Nc4
Ne7 9. Ba4 Ng6 10. h3 c6 11. Nxb6 axb6 12. Bc2 b5 13. Re1 h6 14. d4 Be6 15. a3
Re8 16. Be3 Qc7 17. Nh2 Rad8 18. a4 bxa4 19. Rxa4 d5 20. exd5 Nxd5 21. Bxg6
fxg6 22. Nf3 Nxe3 23. Rxe3 exd4 24. Rxd4 Bd5 25. c4 Bxf3 26. Qxf3 Rxe3 27. Qxe3
Rxd4 28. Qxd4 Qe7 29. c5 Qe1+ 30. Kh2 g5 31. Kg3 Qe2 32. b4 Kh7 33. Kh2 Kg6 34.
Qd6+ Kh7 35. Qd4 Kg6 36. Qd6+ Kh7 37. Qd4 Kg6 1/2-1/2

[Event "Black Sea Countries"]
[Site "Burgas BUL"]
[Date "2012.09.15"]
[Round "5"]
[White "Nisipeanu, LD."]
[Black "Cheparinov, I."]
[Result "1/2-1/2"]
[WhiteElo "2648"]
[BlackElo "2689"]
[PlyCount "81"]
[EventDate "2012.09.12"]

1. e4 e5 2. Nf3 Nc6 3. Bb5 Nf6 4. O-O Nxe4 5. d4 Nd6 6. Bxc6 dxc6 7. dxe5 Nf5
8. Qxd8+ Kxd8 9. Nc3 Ke8 10. b3 Be6 11. Bb2 Bb4 12. Ne2 Bd5 13. Ne1 Be4 14. f3
Bc5+ 15. Kh1 Bd5 16. Nd3 Bb6 17. Nef4 Rd8 18. Rfe1 Be6 19. Nh5 Rg8 20. Ndf4 Ne3
21. Rac1 Rd2 22. Re2 Rd1+ 23. Rxd1 Nxd1 24. Ba1 Ke7 25. Nxe6 fxe6 26. h4 g6 27.
Nf6 Rd8 28. Ne4 Nf2+ 29. Nxf2 Bxf2 30. Rxf2 Rd1+ 31. Kh2 Rxa1 32. c4 Re1 33. f4
h5 34. g4 hxg4 35. Kg3 a5 36. Rg2 c5 37. Kxg4 Kf7 38. Rd2 Ke7 39. Rg2 Kf7 40.
Rd2 Ke7 41. Rg2 1/2-1/2

[Event "Black Sea Countries"]
[Site "Burgas BUL"]
[Date "2012.09.15"]
[Round "5"]
[White "Jobava, Ba"]
[Black "Atalik, S."]
[Result "1-0"]
[WhiteElo "2734"]
[BlackElo "2603"]
[PlyCount "119"]
[EventDate "2012.09.12"]

1. c4 g6 2. Nc3 Bg7 3. d4 Nf6 4. e4 d6 5. Be2 O-O 6. h4 c5 7. d5 b5 8. cxb5 a6
9. bxa6 Qa5 10. Bd2 Bxa6 11. h5 Nbd7 12. hxg6 hxg6 13. Kf1 Rfb8 14. b3 Ne5 15.
Nf3 Nfg4 16. Nxe5 Bxe5 17. Na4 Bxe2+ 18. Qxe2 Qa6 19. Rc1 Bd4 20. Rh4 Nf6 21.
Rc4 Nd7 22. Rc2 Ne5 23. Bc3 Kg7 24. Rh3 Qa7 25. f4 Nd7 26. Rd2 Bxc3 27. Nxc3
Rh8 28. Rdd3 Qa3 29. Qe1 Qb4 30. Na4 Qb5 31. Kg1 f6 32. Rxh8 Rxh8 33. Nb2 Qa6
34. a4 c4 35. Nxc4 Nc5 36. Rg3 Nxb3 37. e5 Qa7+ 38. Qe3 Nd4 39. exd6 exd6 40.
Nxd6 Ra8 41. Kf2 Qc7 42. Qxd4 Qxd6 43. Rb3 Rd8 44. Rb6 Qe7 45. a5 Qf7 46. Rb5
Rc8 47. Rc5 Re8 48. Qc4 Qa7 49. Kf3 Kh6 50. d6 Qb7+ 51. Rd5 Re1 52. d7 Rc1 53.
Qb5 Rc3+ 54. Kf2 Qc7 55. Qb4 Rc2+ 56. Kg3 Qd8 57. Qe4 Rc3+ 58. Rd3 f5 59. Qe3
Rc4 60. Qe8 1-0

[Event "Polish Chess Extraliga"]
[Site "?"]
[Date "2012.09.16"]
[Round "6"]
[White "Wojtaszek, Radoslaw"]
[Black "Jakubowski, Krzysztof"]
[Result "1/2-1/2"]
[WhiteElo "2713"]
[BlackElo "2511"]
[PlyCount "72"]
[EventDate "2012.??.??"]

1. d4 Nf6 2. c4 e6 3. Nc3 Bb4 4. e3 b6 5. Nge2 c5 6. a3 Ba5 7. Rb1 Na6 8. g3
Bb7 9. d5 b5 10. Bg2 bxc4 11. O-O exd5 12. Nxd5 Nxd5 13. Bxd5 Qc8 14. Bxb7 Qxb7
15. Qa4 Bb6 16. Qxc4 d5 17. Qa4+ Kf8 18. b4 cxb4 19. axb4 h5 20. h4 Rd8 21. Bb2
Nc7 22. Rbd1 Rh6 23. Rd2 Ne6 24. Rfd1 g5 25. b5 Rg6 26. Kf1 Kg8 27. hxg5 d4 28.
Nxd4 Bxd4 29. Bxd4 Nxg5 30. Ba1 Qh1+ 31. Ke2 Qf3+ 32. Ke1 Qh1+ 33. Ke2 Qf3+ 34.
Ke1 Qh1+ 35. Ke2 Qf3+ 36. Ke1 Qh1+ 1/2-1/2

[Event "Black Sea Countries"]
[Site "Burgas BUL"]
[Date "2012.09.16"]
[Round "6"]
[White "Areshchenko, A."]
[Black "Nisipeanu, LD."]
[Result "1-0"]
[WhiteElo "2702"]
[BlackElo "2648"]
[PlyCount "77"]
[EventDate "2012.09.12"]

1. e4 c6 2. Nc3 d5 3. Nf3 Bg4 4. h3 Bxf3 5. Qxf3 e6 6. d3 Nd7 7. a3 Bc5 8. g3
Ne7 9. Bg2 O-O 10. O-O f5 11. Qd1 Ng6 12. d4 Bb6 13. exd5 exd5 14. h4 f4 15. h5
fxg3 16. fxg3 Rxf1+ 17. Bxf1 Nh4 18. Bh3 Bxd4+ 19. Kh1 Qf6 20. Bf4 Bxc3 21.
bxc3 Nf5 22. Qg4 Rf8 23. Rf1 Qxc3 24. Bc7 Qxc2 25. Rxf5 Qb1+ 26. Kh2 Qc2+ 27.
Kg1 Qc5+ 28. Kh1 Qc1+ 29. Bf1 Qxa3 30. h6 g6 31. Qd4 Rf7 32. Rxf7 Kxf7 33. Qg7+
Ke8 34. Qxh7 Qf3+ 35. Kg1 Qe3+ 36. Kh2 Qf2+ 37. Bg2 Qf5 38. Qh8+ Nf8 39. Bd6
1-0

[Event "Black Sea Countries"]
[Site "Burgas BUL"]
[Date "2012.09.16"]
[Round "6"]
[White "Malakhov, V."]
[Black "Jobava, Ba"]
[Result "1-0"]
[WhiteElo "2700"]
[BlackElo "2734"]
[PlyCount "44"]
[EventDate "2012.09.12"]

1. c4 Nf6 2. Nc3 g6 3. e4 d6 4. d4 Bg7 5. Bd3 O-O 6. Nge2 a6 7. O-O c6 8. a4 a5
9. h3 Na6 10. Be3 Nd7 11. Qd2 e5 12. Rad1 exd4 13. Nxd4 Ndc5 14. Bb1 Qb6 15. f4
Qb4 16. f5 Nxa4 17. f6 Bh8 18. Nc2 Qb3 19. Ba2 Qxb2 20. Nxa4 Qxa2 21. Nb6 Be6
22. Ra1 Qb3 1-0

[Event "Black Sea Countries"]
[Site "Burgas BUL"]
[Date "2012.09.16"]
[Round "6"]
[White "Cheparinov, I."]
[Black "Atalik, S."]
[Result "1-0"]
[WhiteElo "2689"]
[BlackElo "2603"]
[PlyCount "87"]
[EventDate "2012.09.12"]

1. d4 Nf6 2. c4 e6 3. Nf3 d5 4. g3 Be7 5. Bg2 O-O 6. O-O dxc4 7. Qc2 a6 8. Qxc4
b5 9. Qc2 Bb7 10. Bd2 Bd6 11. a3 Nbd7 12. Ba5 Qb8 13. b4 Qa7 14. Nbd2 Rac8 15.
e4 e5 16. dxe5 Nxe5 17. Nxe5 Bxe5 18. Rac1 Rfe8 19. Nb3 Bd6 20. Rfe1 Nd7 21.
Bh3 Ne5 22. Qe2 Rcd8 23. Bxc7 Bxc7 24. Rxc7 Qb6 25. Rc3 Nc4 26. Nc5 Rd2 27. Qf3
Ba8 28. Qf4 Qd8 29. Bf1 g5 30. Qf3 Ne5 31. Qf5 h6 32. h4 Bc6 33. hxg5 hxg5 34.
Rce3 g4 35. Be2 Kg7 36. Bxg4 Nc4 37. Rf3 Qe7 38. Bh5 Ne5 39. Rf4 a5 40. Kg2
axb4 41. axb4 Rd4 42. Rh1 Rh8 43. Bxf7 Rxh1 44. Rg4+ 1-0

[Event "Black Sea Countries"]
[Site "Burgas BUL"]
[Date "2012.09.17"]
[Round "7"]
[White "Cheparinov, I."]
[Black "Areshchenko, A."]
[Result "1-0"]
[WhiteElo "2689"]
[BlackElo "2702"]
[PlyCount "119"]
[EventDate "2012.09.12"]

1. d4 Nf6 2. c4 g6 3. Nc3 d5 4. cxd5 Nxd5 5. e4 Nxc3 6. bxc3 Bg7 7. Nf3 c5 8.
Rb1 O-O 9. Be2 Nc6 10. d5 Ne5 11. Nxe5 Bxe5 12. Qd2 e6 13. f4 Bc7 14. O-O exd5
15. exd5 Ba5 16. d6 Rb8 17. Rb5 b6 18. Rxa5 bxa5 19. Ba3 Be6 20. Bxc5 Qd7 21.
c4 Rfc8 22. Qd4 Qa4 23. Qe5 Rxc5 24. Qxc5 Qxa2 25. Qxa7 Rb2 26. Bf3 Rb1 27.
Rxb1 Qxb1+ 28. Kf2 Qd3 29. Qb8+ Kg7 30. Qb2+ Kg8 31. c5 a4 32. Qe5 a3 33. c6 a2
34. d7 Qd2+ 35. Be2 h5 36. Qb8+ Kh7 37. d8=Q Qxd8 38. Qxd8 a1=Q 39. Qd2 Qa7+
40. Qe3 Qa2 41. Kg3 Bd5 42. c7 Qc2 43. Qd3 h4+ 44. Kxh4 Qxc7 45. Qxd5 Qxf4+ 46.
Kh3 Qh6+ 47. Kg3 Qe3+ 48. Bf3 Qe1+ 49. Kh3 Qe7 50. g3 Kg7 51. Qd4+ Kg8 52. Kg2
Qc7 53. Bd5 Qd7 54. Qe5 Kh7 55. h4 Kg8 56. Qe4 Kg7 57. Qf3 f6 58. Qe4 Kh6 59.
Qe3+ Kg7 60. Qe6 1-0

[Event "Black Sea Countries"]
[Site "Burgas BUL"]
[Date "2012.09.17"]
[Round "7"]
[White "Atalik, S."]
[Black "Malakhov, V."]
[Result "0-1"]
[WhiteElo "2603"]
[BlackElo "2700"]
[PlyCount "108"]
[EventDate "2012.09.12"]

1. d4 d5 2. c4 c6 3. Nc3 Nf6 4. e3 a6 5. Qc2 g6 6. Bd3 Bg7 7. Nf3 O-O 8. O-O
Bg4 9. Ne5 Be6 10. b3 c5 11. cxd5 Nxd5 12. Nxd5 Bxd5 13. Qxc5 Bxe5 14. dxe5
Bxg2 15. Kxg2 Qxd3 16. Qxe7 Nc6 17. Qxb7 Rfc8 18. e6 Qe4+ 19. f3 Qxe6 20. Bb2
Qxe3 21. Rac1 Ne7 22. Kh1 Rcb8 23. Qe4 Qxe4 24. fxe4 Rb7 25. Rf6 Kf8 26. Rcf1
Ng8 27. Ba3+ Kg7 28. Rd6 a5 29. Bb2+ Kf8 30. Bd4 Ne7 31. Rdf6 Ng8 32. Rd6 Ne7
33. Bf6 Ng8 34. Rd8+ Rxd8 35. Bxd8 a4 36. bxa4 Rb4 37. e5 Ke8 38. Rd1 Rxa4 39.
Bg5 Ra8 40. Rd2 h6 41. Bh4 g5 42. Bg3 Ra3 43. Rb2 Ra8 44. h4 Kd7 45. hxg5 hxg5
46. Kg2 Ke6 47. Kf3 Kf5 48. Kg2 Ra3 49. Rf2+ Kg4 50. Bh2 Nh6 51. Rf6 Rxa2+ 52.
Kg1 Ra1+ 53. Kf2 Kh5 54. Kg2 Ra2+ 0-1

[Event "Black Sea Countries"]
[Site "Burgas BUL"]
[Date "2012.09.17"]
[Round "7"]
[White "Jobava, Ba"]
[Black "Nisipeanu, LD."]
[Result "0-1"]
[WhiteElo "2734"]
[BlackElo "2648"]
[PlyCount "51"]
[EventDate "2012.09.12"]

1. e4 c5 2. Nc3 Nc6 3. Nge2 e6 4. d4 cxd4 5. Nxd4 Qc7 6. Be3 a6 7. Be2 Nf6 8.
a3 Be7 9. O-O O-O 10. f4 d6 11. Kh1 Nxd4 12. Bxd4 e5 13. Bg1 b5 14. Bf3 Bb7 15.
f5 Rac8 16. Qe1 Rfe8 17. Rd1 d5 18. exd5 e4 19. Nxe4 Bxd5 20. Bd4 Nxe4 21. Bxe4
Bf6 22. Bxf6 Bxe4 23. Qh4 gxf6 24. Rf4 Qxc2 25. Rg4+ Kf8 26. Re1 0-1

[Event "Black Sea Countries"]
[Site "Burgas BUL"]
[Date "2012.09.17"]
[Round "8"]
[White "Areshchenko, A."]
[Black "Jobava, Ba"]
[Result "1/2-1/2"]
[WhiteElo "2702"]
[BlackElo "2734"]
[PlyCount "88"]
[EventDate "2012.09.12"]

1. e4 c6 2. d4 d5 3. e5 Bf5 4. Nf3 e6 5. Be2 c5 6. Be3 Qb6 7. Nc3 Qxb2 8. Nb5
c4 9. Rb1 Qxa2 10. Nc7+ Kd8 11. Nxa8 Bxc2 12. Rxb7 Bxd1 13. Rxb8+ Kd7 14. Bxd1
Ne7 15. O-O h6 16. Bd2 Nc6 17. Rb7+ Ke8 18. Bc3 Be7 19. Nc7+ Kf8 20. Nd2 Bd8
21. Bf3 Nxd4 22. Bxd4 Qxd2 23. Rd1 Qa5 24. Rxa7 Qxc7 25. Rxc7 Bxc7 26. Ra1 Ke7
27. Ra7 Rb8 28. Kf1 Kd8 29. Ke2 Rb3 30. Ra8+ Kd7 31. Ra7 Kd8 32. Ke1 Rb1+ 33.
Kd2 Rb5 34. Ke2 Rb3 35. Bg4 Kd7 36. f4 g6 37. h3 h5 38. Bf3 Kc6 39. g4 hxg4 40.
hxg4 Rd3 41. Bf2 Rb3 42. Bd4 Rd3 43. Bf2 Rb3 44. Bd4 Rd3 1/2-1/2

[Event "Black Sea Countries"]
[Site "Burgas BUL"]
[Date "2012.09.17"]
[Round "8"]
[White "Nisipeanu, LD."]
[Black "Atalik, S."]
[Result "1-0"]
[WhiteElo "2648"]
[BlackElo "2603"]
[PlyCount "101"]
[EventDate "2012.09.12"]

1. d4 Nf6 2. c4 e6 3. Nf3 d5 4. Nc3 Bb4 5. e3 O-O 6. Bd3 dxc4 7. Bxc4 c5 8. O-O
Nc6 9. Bd3 Qe7 10. Ne4 cxd4 11. exd4 h6 12. a3 Ba5 13. b4 Bb6 14. Bb2 Rd8 15.
Ng3 Qd6 16. Ne2 Bd7 17. b5 Ne7 18. a4 Qb8 19. Ne5 Ned5 20. Qd2 Bc7 21. Ra3 Bd6
22. Rb3 Be8 23. Nf4 Qc7 24. Bb1 Nb6 25. Qe2 Nxa4 26. Ba1 Nb6 27. Rg3 Nbd5 28.
Nxd5 Nxd5 29. Qd2 Kh8 30. Rc1 Qe7 31. Rh3 f5 32. Ba2 Bxe5 33. dxe5 Kg8 34. Rb1
Rac8 35. Rd3 Rc5 36. Qa5 b6 37. Qa3 Nf4 38. Rd6 Rxd6 39. exd6 Qxd6 40. Qxa7 Bd7
41. Qa8+ Kh7 42. Qf3 Bxb5 43. h3 e5 44. Rd1 Qg6 45. Rd8 Qf6 46. Bg8+ Kh8 47.
Qa8 Rc1+ 48. Kh2 g5 49. Bc4+ Kh7 50. Rd7+ Kg6 51. Qe8+ 1-0

[Event "Black Sea Countries"]
[Site "Burgas BUL"]
[Date "2012.09.17"]
[Round "8"]
[White "Malakhov, V."]
[Black "Cheparinov, I."]
[Result "1/2-1/2"]
[WhiteElo "2700"]
[BlackElo "2689"]
[PlyCount "107"]
[EventDate "2012.09.12"]

1. c4 Nf6 2. Nc3 d5 3. cxd5 Nxd5 4. g3 g6 5. Bg2 Nxc3 6. bxc3 Bg7 7. Nf3 O-O 8.
O-O c5 9. Qc2 Nc6 10. d3 b6 11. Nd2 Bb7 12. Rb1 Qd7 13. Nc4 Ne5 14. Nxe5 Bxe5
15. Bxb7 Qxb7 16. c4 h5 17. Bb2 Qc7 18. a4 h4 19. Bxe5 Qxe5 20. Qd2 Rad8 21. a5
Rd6 22. Qe3 Qxe3 23. fxe3 hxg3 24. hxg3 Re6 25. Kf2 Kg7 26. Rh1 Rh8 27. Rxh8
Kxh8 28. axb6 axb6 29. e4 Kg7 30. Kf3 Rf6+ 31. Ke3 Re6 32. Rf1 f5 33. Rf4 Re5
34. Kf3 Kf6 35. exf5 g5 36. Re4 Rxf5+ 37. Kg4 Rf1 38. Re3 Re1 39. Rf3+ Kg6 40.
Rf2 e6 41. Rh2 Rf1 42. Rh8 Rf2 43. e3 Rd2 44. Rd8 Kf6 45. Rd7 Rf2 46. Ra7 Rd2
47. Ra3 Rb2 48. Kf3 Kf5 49. g4+ Ke5 50. Ra7 Rb3 51. Rd7 Ra3 52. Ke2 Ra2+ 53.
Kf3 Ra3 54. Ke2 1/2-1/2